Economics as Applied Ethics Fact and Value in Economic Policy
Gespeichert in:
| 1. Verfasser: | |
|---|---|
| Format: | Buch |
| Sprache: | Englisch |
| Veröffentlicht: |
Cham
Palgrave Macmillan
2017
|
| Ausgabe: | 2nd Edition |
| Schlagworte: | |
| Tags: |
Keine Tags, Fügen Sie das erste Tag hinzu!
|
MARC
| LEADER | 00000nam a2200000 4500 | ||
|---|---|---|---|
| 001 | 0253721 | ||
| 005 | 20240221114017.2 | ||
| 020 | |a 978-3-319-50318-9 | ||
| 020 | |a 978-3-319-50318-6 | ||
| 041 | 0 | |a eng | |
| 044 | |a CH | ||
| 245 | 1 | 0 | |a Economics as Applied Ethics |b Fact and Value in Economic Policy |c Wilfred Beckerman |
| 250 | |a 2nd Edition | ||
| 264 | 1 | |a Cham |b Palgrave Macmillan |c 2017 | |
| 300 | |a 297 s. | ||
| 610 | 2 | 0 | |a politika hospodárska |
| 610 | 2 | 0 | |a etika |
| 610 | 2 | 0 | |a blahobyt |
| 610 | 2 | 0 | |a spravodlivosť |
| 610 | 2 | 0 | |a teórie ekonomické |
| 610 | 2 | 0 | |a koncepcie |
| 610 | 2 | 0 | |a efektívnosť ekonomická |
| 610 | 2 | 0 | |a úžitok |
| 610 | 2 | 0 | |a produkt domáci hrubý |
| 610 | 2 | 0 | |a príjmy |
| 610 | 2 | 0 | |a diskont |
| 610 | 2 | 0 | |a riziko |
| 610 | 2 | 0 | |a nerovnosť |
| 610 | 2 | 0 | |a hodnota |
| 610 | 2 | 0 | |a práva ľudské |
| 100 | 1 | |a Beckerman, Wilfred | |